000 00467 a2200169 4500
020 _a0131011014
040 _aDLC
_bDLC
082 0 0 _a658.421
100 1 _aCoulter, Mary K.
245 1 0 _aEntrepreneurship in action
_cMary Coulter.
250 _a2nd ed.
260 _aUpper Saddle River, N.J. :
_bPrentice Hall,
_c2003.
300 _axx, 384 p. :
_bill. ;
_c26 cm.
650 0 _aNew business enterprises.
650 0 _aEntrepreneurship.
942 _cBK
_k658.421 COU
_2ddc
999 _c4621
_d4621